[Event "La Paz Fundacion op"]
[Site "La Paz"]
[Date "2017.10.22"]
[Round "5"]
[White "Enriquez Coronel, Gaia Paola"]
[Black "Coronel, Carlos"]
[Result "0-1"]
[WhiteElo "1418"]
[BlackElo "1738"]
[PlyCount "114"]
[EventDate "2017.10.21"]
[EventType "swiss"]
[EventRounds "6"]
[EventCountry "BOL"]
[SourceTitle "CBM 181 Extra"]
[Source "ChessBase"]
[SourceDate "2017.12.12"]
[SourceVersion "1"]
[SourceVersionDate "2017.12.12"]
[SourceQuality "1"]

1. e4 b6 2. Nf3 Bb7 3. Nc3 g6 4. d3 Bg7 5. Bd2 e6 6. Be2 Ne7 7. 0-0 0-0 8. Qc1 Re8 9. Nd1 d6 10. Bh6 Bh8 11. Ng5 Nd7 12. Qf4 Nf6 13. h4 e5 14. Qg3 Nc6 15. c3 d5 16. h5 Qd7 17. hxg6 hxg6 18. Kh2 dxe4 19. dxe4 Nd8 20. Bf3 Ne6 21. Nxe6 Qxe6 22. Qh4 Bg7 23. Bg5 Nh7 24. Rh1 Nxg5 25. Qxg5 Qf6 26. Qxf6 Bxf6 27. Ne3 Rad8 28. Rad1 Kg7 29. Rhe1 c6 30. Ng4 Bg5 31. Rxd8 Rxd8 32. g3 f6 33. Rd1 Rxd1 34. Bxd1 c5 35. f3 c4 36. b3 b5 37. bxc4 bxc4 38. Ba4 Bc8 39. Nf2 Bd2 40. Bb5 Be6 41. Nd1 f5 42. Kg2 Be1 43. Ne3 Bxc3 44. Nxc4 Kf6 45. a4 Ke7 46. Ne3 Kd6 47. Kf1 f4 48. Nd1 Bd4 49. gxf4 exf4 50. Nf2 Bxf2 51. Kxf2 Ke5 52. Be8 g5 53. Bb5 Kd4 54. Ke2 g4 55. Ba6 g3 56. Kf1 Ke3 57. Be2 Bh3+ 0-1